Sports Quiz

Random Sports or MLB Quiz
Score 0/210 Timer 20:00
1 Play Today
% Correct
David Ortiz
86.1%
David Ortiz
86.1%
Mike Trout
85.1%
Mike Trout
85.1%
Mike Trout
85.1%
Mike Trout
85.1%
Mike Trout
85.1%
Miguel Cabrera
84.2%
Miguel Cabrera
84.2%
Miguel Cabrera
84.2%
Everth Cabrera
83.6%
Adam Jones
81.6%
Adam Jones
81.6%
James Jones
81%
Giancarlo Stanton
80.3%
Giancarlo Stanton
80.3%
Giancarlo Stanton
80.3%
Giancarlo Stanton
80.3%
Chris Davis
79.8%
Rajai Davis
79.3%
Paul Goldschmidt/Aaron Hill
79.3%
Adrian Gonzalez
78.9%
Adrian Gonzalez
78.9%
Paul Goldschmidt
78.7%
Paul Goldschmidt
78.7%
Paul Goldschmidt
78.7%
Paul Goldschmidt
78.7%
Andrew McCutchen
76.7%
Andrew McCutchen
76.7%
Andrew McCutchen
76.7%
Andrew McCutchen
76.7%
Andrew McCutchen
76.7%
Dee Gordon/Yasiel Puig
76.5%
Ryan Howard
76%
Ryan Howard
76%
Ryan Howard
76%
Jose Bautista
75.4%
Jose Bautista
75.4%
Jose Bautista
75.4%
Jose Bautista
75.4%
Ryan Braun
74.9%
Evan Longoria/Ben Zobrist
74.6%
Dee Gordon
74.2%
Dee Gordon
74.2%
Alex Gordon
74%
Alex Gordon
74%
Alex Gordon
74%
Alex Gordon
74%
Alex Gordon
74%
Dustin Pedroia
73.9%
Dustin Pedroia
73.9%
Jose Altuve
73.7%
Jose Altuve
73.7%
Jose Altuve
73.7%
Evan Longoria
73.6%
Evan Longoria
73.6%
Evan Longoria
73.6%
Justin Upton
73.3%
Justin Upton
73.3%
B.J. Upton
73.2%
Erick Aybar/Mike Trout
72.1%
Robinson Cano
71.6%
Robinson Cano
71.6%
Robinson Cano
71.6%
Anthony Rizzo
71.3%
Anthony Rizzo
71.3%
Anthony Rizzo
71.3%
Anthony Rizzo
71.3%
Anthony Rizzo
71.3%
Buster Posey
71.1%
% Correct
Buster Posey
71.1%
Nelson Cruz
69.9%
Nelson Cruz
69.9%
Billy Hamilton
69.5%
Troy Tulowitzki
69.1%
Jose Abreu
68.9%
Jose Abreu
68.9%
Jose Abreu
68.9%
Jason Heyward/B.J. Upton
68.6%
Victor Martinez
67.5%
Victor Martinez
67.5%
Josh Donaldson
65.3%
Josh Donaldson
65.3%
Josh Donaldson
65.3%
Josh Donaldson
65.3%
Josh Donaldson
65.3%
Alexei Ramirez
65.2%
Alexei Ramirez
65.2%
Freddie Freeman
64.9%
Freddie Freeman
64.9%
Freddie Freeman
64.9%
Leonys Martin
64.3%
Jimmy Rollins
63.3%
Matt Holliday
62.3%
Jacoby Ellsbury
60.2%
Jacoby Ellsbury
60.2%
Adrian Beltre
59%
Adrian Beltre
59%
Adrian Beltre
59%
Adrian Beltre
59%
Matt Carpenter
58.9%
Matt Carpenter
58.9%
Matt Carpenter
58.9%
Yasiel Puig
58.9%
Starlin Castro
57.7%
Matt Kemp
57.5%
Jay Bruce
56.6%
Chris Carter
55.8%
Chris Carter
55.8%
Chris Carter
55.8%
Jayson Werth
55.4%
Devin Mesoraco/Todd Frazier
54.2%
Hunter Pence
54.1%
Hunter Pence
54.1%
Hunter Pence
54.1%
Todd Frazier
54%
Todd Frazier
54%
Todd Frazier
54%
Todd Frazier
54%
Ben Zobrist
53.6%
Carlos Gomez
52.6%
Carlos Gomez
52.6%
Carlos Gomez
52.6%
Carlos Gomez
52.6%
Jose Reyes
51.9%
Jose Reyes
51.9%
Mark Teixeira
51.8%
Michael Brantley
51.7%
Michael Brantley
51.7%
Michael Brantley
51.7%
Michael Brantley
51.7%
Curtis Granderson
50.6%
Curtis Granderson
50.6%
Brett Gardner
49.9%
Brett Gardner
49.9%
Justin Morneau
49.7%
Brian McCann
48.3%
Brian McCann
48.3%
Lucas Duda
48.2%
Lucas Duda
48.2%
% Correct
Carlos Santana
46.3%
Carlos Santana
46.3%
Carlos Santana
46.3%
Brandon Crawford
44.6%
Brian Dozier
43.9%
Brian Dozier
43.9%
Brian Dozier
43.9%
Brian Dozier
43.9%
Brian Dozier
43.9%
Brian Dozier
43.9%
Adam LaRoche
43.7%
Adam LaRoche
43.7%
Adam Dunn
43.1%
Ian Desmond
42.4%
Matt Adams
42.4%
Daniel Murphy
39.7%
Daniel Murphy
39.7%
Starling Marte
39.7%
Starling Marte
39.7%
Nick Markakis
39.2%
Eric Young
39.2%
Kyle Seager
39%
Kyle Seager
39%
Denard Span
38.4%
Denard Span
38.4%
Anthony Rendon
37.6%
Charlie Blackmon
37.4%
Charlie Blackmon
37.4%
Charlie Blackmon
37.4%
Alcides Escobar
36.8%
Seth Smith
35.6%
Seth Smith
35.6%
Seth Smith
35.6%
Christian Yelich
35.5%
Christian Yelich
35.5%
Jonathan Lucroy
34.3%
Jonathan Lucroy
34.3%
Howie Kendrick
33%
Mike Napoli
33%
Ben Revere
32.2%
Ben Revere
32.2%
Gregor Blanco/Angel Pagan
30.5%
Jhonny Peralta
30.3%
Brandon Moss
29.5%
Jarrod Dyson
28.8%
Kolten Wong
28.8%
Dexter Fowler
26.5%
Xander Bogaerts
25.8%
Shin-Soo Choo
25%
Shin-Soo Choo
25%
Corey Dickerson
23.1%
Miguel Montero
22.6%
Marlon Byrd
21.9%
Desmond Jennings
21.6%
Trevor Plouffe
21.5%
Jedd Gyorko
18.5%
James Loney
16.4%
Colby Rasmus
16.3%
Alex Avila
16.3%
Yasmani Grandal
15.2%
Yasmani Grandal
15.2%
Casey McGehee
13.8%
Brock Holt
12.7%
Mike Zunino
11.6%
Tyler Flowers
11.3%
Ender Inciarte
9.8%
Drew Stubbs
9.1%
Emilio Bonifacio
8.3%
David Lough
6.3%
Craig Gentry
5.4%
Remove Ads.
Support Sporcle.
Get the best of Sporcle when you Go Orange. This ad-free experience offers more features, more stats, and more fun while also helping to support Sporcle. Thank you for becoming a member.

You're not logged in!

Compare scores with friends on all Sporcle quizzes.
OR
Log In

Sporcle TV

Today on Sporcle TV


Watch our educational content, quiz creation guides, and fun videos on Sporcle TV.

Show Comments

Extras

Top Quizzes Today


Score Distribution

Paid Content

Your Account Isn't Verified!

In order to create a playlist on Sporcle, you need to verify the email address you used during registration. Go to your Sporcle Settings to finish the process.

Report this User

Report this user for behavior that violates our Community Guidelines.

Details: